Rumania : 1866-1947

Αποθηκεύτηκε σε:
Λεπτομέρειες βιβλιογραφικής εγγραφής
Κύριος συγγραφέας: Hitchins, Keith 1931-
Μορφή: Βιβλίο
Γλώσσα:English
Δημοσίευση: Oxford : Clarendon Press, c1994
Σειρά:Oxford history of modern Europe
Θέματα:
Ετικέτες: Προσθήκη ετικέτας
Δεν υπάρχουν, Καταχωρήστε ετικέτα πρώτοι!

MARC

LEADER 00000nam a2200000 i 4500
001 1/70087
008 981119s1994 eng d
020 |a 0-19-822126-6 
035 |l 10030543 
040 |a GR-MY-UA  |b gre  |e aacr 
041 0 |a eng 
082 0 |a 949.802 
100 1 |a Hitchins, Keith  |d 1931- 
245 1 0 |a Rumania :  |b 1866-1947 /  |c Keith Hitchins 
260 |a Oxford :   |b Clarendon Press,   |c c1994 
300 |a 579 p. 
490 1 |a Oxford history of modern Europe 
504 |a Includes bibliographical references and index 
651 0 |a Romania  |x History  |y Charles I, 1866-1914. 
651 0 |a Romania  |x History  |y 1914-1944. 
651 0 |a Romania  |x History  |y 1944-1989. 
830 0 |a Oxford history of modern Europe 
852 |a INST  |b LESVOS  |e 19981119  |h 949.802 HIT  |p 005100018036  |q 005100018036  |t BK  |y 0 
901 |a BIBL-1998-3 
909 |a Λ  |b 059830 
922 |a 1ΕΛΗ  |b 199810  |c ΚΠΣ/ΤΚΑ  |d ΠΑΠΑΣΩΤΗΡΙΟΥ 
950 |a 117-1998-07-08